COMPETITION FOR THE MOBILE INTERNET (Record no. 27151)

MARC details
000 -LEADER
fixed length control field 00334nam a2200133Ia 4500
008 - FIXED-LENGTH DATA ELEMENTS--GENERAL INFORMATION
fixed length control field 240624s9999 xx 000 0 und d
041 ## - LANGUAGE CODE
Language code of text/sound track or separate title eng
082 ## - DEWEY DECIMAL CLASSIFICATION NUMBER
Classification number 384.3 STE
100 ## - MAIN ENTRY--PERSONAL NAME
Personal name STEINBOCK DAN
245 ## - TITLE STATEMENT
Title COMPETITION FOR THE MOBILE INTERNET
260 ## - PUBLICATION, DISTRIBUTION, ETC.
Date of publication, distribution, etc. 2003
Place of publication, distribution, etc. New York
Name of publisher, distributor, etc. Springer
300 ## - PHYSICAL DESCRIPTION
Extent viii, : 223 : p.
365 ## - TRADE PRICE
Currency code ERU
Price amount 30
Holdings
Withdrawn status Lost status Damaged status Not for loan Home library Current library Shelving location Date acquired Source of acquisition Cost, normal purchase price Full call number Barcode Date last seen Copy number Price effective from Koha item type
        IMTN IMTN Rack 15-B 04/21/2016 MB 129.95 384.3 STE 27151 06/24/2024 80.3 06/24/2024 Books
Designed & Maintained by: LRC IMT Nagpur Contact: lrc@imtnag.ac.in© 2024. All Rights Reserved.